00874nam a2200229 a 450000100100000000500170001000800410002702000150006804000250008308200160010810000370012424501010016125000120026226000300027430000200030449000190032470000460034304900090038995201140039895201150051299900170062700003441220200930073703.0111004s2001 sp 000 0 spa d a847118298X aDO-SdBNPbspacBNPHU axxxxbA898v1 aAuclair, Marcelle,d1899-95983413aLa vida de Santa Teresa de Jesús /cMarcelle Auclair ; traducción Jeaquín Esteban Perruca. a13a ed. aMadrid :bArcaduz,c2001. a513 p. ;c22cm.1 aArcaduzvno 151 aEsteban Perruca, Jeaquín,etrad.959835 aBNPD 001050718MOaGRbGRcCTd2011-10-04iLF1l0oxxxx A898vp34412-10r2020-06-25w2020-06-25y1ZNo se presta 0010507-18MOaGRbGRcOId2011-10-04iLF1l0oxxxx A898vp34413-10r2020-06-25w2020-06-25y1ZNo se presta c33903d33903